Thursday Discography - Statistics

General Stats
  • This quiz has been taken 5 times
  • The average score is 5 of 6
Answer Stats
Hint Answer % Correct
2006 A City by the Light Divided
100%
2001 Full Collapse
100%
2011 No Devolucion
100%
2009 Common Existence
75%
1999 Waiting
75%
2003 War All of the Time
50%
No matching quizzes found
Score Distribution
Percent of People with Each Score
Percentile by Number Answered
Your Score History
You have not taken this quiz